Σκόρπια από την αντίσταση

Αποθηκεύτηκε σε:
Λεπτομέρειες βιβλιογραφικής εγγραφής
Κύριος συγγραφέας: Αποστόλου, Απόστολος Ε., 1901-1991
Μορφή: Βιβλίο
Γλώσσα:Greek
Δημοσίευση: Μυτιλήνη : Πετράς, 1999.
Έκδοση:2η έκδ.
Θέματα:
Ετικέτες: Προσθήκη ετικέτας
Δεν υπάρχουν, Καταχωρήστε ετικέτα πρώτοι!

MARC

LEADER 00000cam a2200000 i 4500
001 1/23124
008 011112s1999 gr | ||| |||| ||gre||
035 |l 10067604 
040 |a GR-MyUa  |b gre  |e AACR2 
041 0 |a gre 
082 0 |a 938.974 
100 1 |a Αποστόλου, Απόστολος Ε.,   |d 1901-1991. 
245 1 0 |a Σκόρπια από την αντίσταση /   |c Απόστολος Ε. Αποστόλου.  
250 |a 2η έκδ. 
260 |a Μυτιλήνη :   |b Πετράς,   |c 1999. 
300 |a 110 σ. ;   |c 21 εκ. 
650 0 |a World War, 1939-1945  |x Underground movements  |z Greece  |z Lesbos (Municipality) 
651 0 |a Lesbos (Greece : Municipality)  |x History  |y 20th century. 
852 |a INST  |b LESVOS  |e 20011112  |h 938.974 ΑΠΟ  |p 005100024747  |q 005100024747  |t BK  |y 0 
901 |a BIBL1-2003-1 
922 |a 1ΕΛΗ  |b 200111  |c ΤΑΚ/ΚΥΒ  |d ΠΕΤΡΑΣ 
950 |a 023-2001-11-02 
970 |a ΧΡΙΣΤΟΦΑ  |b ΝΙΚΗ  |z 2003/02/13